000 00348nam a2200097Ia 4500
008 220216s9999 xx 000 0 und d
100 _aHashim Othman
245 0 _aCountry report-Malaysia
260 _bThe Progress and Development of Rubber Small Holders: Proceedings of the Ninth Seminar, 9-11 November 2005, Cochin, India. pp. 43-47.
942 _cJS
999 _c56463
_d56463